Score 0/45 Timer 06:00
1 Play Today
Hint Answer % Correct
Religion
Christian Holy Trinity
Son
87.6%
Religion
Christian Holy Trinity
Father
87.5%
Religion
Christian Holy Trinity
Holy Ghost
87.4%
Television
CSI Cities
Miami
87.4%
Television
CSI Cities
New York
86.7%
Holiday
3 US Fall National Holidays
Thanksgiving
85.4%
Language
Official Languages of Belgium
French
84.7%
Entertainment
Donald Duck's Nephews
Huey
84.2%
Just For Fun
Rice Krispies Elves
Pop
83.4%
Just For Fun
Rice Krispies Elves
Snap
83.1%
Just For Fun
Rice Krispies Elves
Crackle
83.1%
Miscellaneous
S'mores Ingredients
Chocolate
82.6%
Miscellaneous
S'mores Ingredients
Marshmallow
81.8%
Entertainment
Donald Duck's Nephews
Louie
81%
Entertainment
Donald Duck's Nephews
Dewey
80.6%
Language
Official Languages of Belgium
German
77.1%
Miscellaneous
S'mores Ingredients
Graham crackers
74.2%
Science
Components of the Psyche
Ego
71.6%
Science
Components of the Psyche
Id
70.6%
Language
Official Languages of Belgium
Dutch
66.3%
Television
CSI Cities
Las Vegas
65.8%
Science
Components of the Psyche
Superego
62%
Sports
Thoroughbred Racing Triple Crown
Kentucky Derby
61.5%
Hint Answer % Correct
Holiday
3 US Fall National Holidays
Veterans Day
54.2%
Movies
James Dean Starring Films
Rebel Without a Cause
52.2%
Geography
South African Capitals
Capetown
51.9%
Sports
Thoroughbred Racing Triple Crown
Preakness
45.1%
Holiday
3 US Fall National Holidays
Columbus Day
44.9%
History
First Triumvirate Members (Rome)
Gaius Julius Caesar
44.4%
Geography
South African Capitals
Pretoria
44.4%
Sports
Thoroughbred Racing Triple Crown
Belmont Stakes
43.3%
Gaming
20 Questions Categories
Animal
40.6%
Gaming
20 Questions Categories
Mineral
36.4%
Gaming
20 Questions Categories
Vegetable
32.9%
Movies
James Dean Starring Films
Giant
26.4%
Movies
James Dean Starring Films
East of Eden
21.6%
Music
Members of Rush
Geddy Lee
21.4%
Literature
Daughters of King Lear
Regan
18%
Geography
South African Capitals
Bloemfontein
17.7%
Literature
Daughters of King Lear
Cordelia
17.6%
Music
Members of Rush
Neil Peart
15.2%
Literature
Daughters of King Lear
Goneril
13.9%
History
First Triumvirate Members (Rome)
Gnaeus Pompeius Magnus (Pompey)
10.1%
Music
Members of Rush
Alex Lifeson
8.6%
History
First Triumvirate Members (Rome)
Marcus Licinius Crassus
7.4%
Remove Ads.
Support Sporcle.
Get the best of Sporcle when you Go Orange. This ad-free experience offers more features, more stats, and more fun while also helping to support Sporcle. Thank you for becoming a member.

You're not logged in!

Compare scores with friends on all Sporcle quizzes.
OR
Log In

Show Comments

Extras

Top Quizzes Today


Score Distribution

Your Account Isn't Verified!

In order to create a playlist on Sporcle, you need to verify the email address you used during registration. Go to your Sporcle Settings to finish the process.

Report this User

Report this user for behavior that violates our Community Guidelines.

Details: